|
|
|
|
| LEADER |
01773cas a2200241 a 4500 |
| 001 |
AALejournalIMF007165 |
| 008 |
230101c9999 xx r poo 0 0eng d |
| 020 |
|
|
|c 5.00 USD
|
| 020 |
|
|
|z 9781455260393
|
| 022 |
|
|
|a 1018-5941
|
| 040 |
|
|
|a BD-DhAAL
|c BD-DhAAL
|
| 100 |
1 |
|
|a Aydin, Burcu.
|
| 245 |
1 |
0 |
|a Ghana :
|b Will it Be Gifted or Will it Be Cursed? /
|c Burcu Aydin.
|
| 264 |
|
1 |
|a Washington, D.C. :
|b International Monetary Fund,
|c 2011.
|
| 300 |
|
|
|a 1 online resource (41 pages)
|
| 490 |
1 |
|
|a IMF Working Papers
|
| 500 |
|
|
|a <strong>Off-Campus Access:</strong> No User ID or Password Required
|
| 500 |
|
|
|a <strong>On-Campus Access:</strong> No User ID or Password Required
|
| 506 |
|
|
|a Electronic access restricted to authorized BRAC University faculty, staff and students
|
| 520 |
3 |
|
|a Will Ghana's oil production from 2011 accelerate progress toward middle-income status, or will it retard gains in living standards through a possible "resource curse"? This paper examines the likelihood of "resource curse" effects, drawing on a dataset of 150 low and middle income countries from 1973 to 2008 using static and dynamic panel estimation techniques. Results confirm that resource rich countries in Ghana's income range do experience slower growth than their more diversified peers, an effect that appears to be related to weaker governance. Provided that Ghana can preserve and improve its economic governance and also strengthen fiscal management, prospects look good for converting its oil wealth into sustained strong economic growth.
|
| 538 |
|
|
|a Mode of access: Internet
|
| 830 |
|
0 |
|a IMF Working Papers; Working Paper ;
|v No. 2011/104
|
| 856 |
4 |
0 |
|z Full text available on IMF
|u http://elibrary.imf.org/view/journals/001/2011/104/001.2011.issue-104-en.xml
|z IMF e-Library
|